00336nam a2200133Ia 4500008004100000020001500041041001200056082001600068100001600084245004200100260003600142300000800178650001600186221030s9999 xx 000 0 und d a8173173443 aEnglish a105.23bSin aV. P. Singh 0aMicrosoft Office 2000cby V. P. Singh bAsia Pub HouseaNew Delhic2000 a512 aBE Computer